Từng bước tự học Microsoft Office Excel 2003
Hướng dẫn những bước cơ bản cần thiết khi làm việc với Microsoft Office Excel 2003: cách nhập dữ liệu, làm việc với thanh công cụ, tạo file, tạo bảng, sử dụng các hàm...
Đã lưu trong:
| Hovedforfatter: | |
|---|---|
| Format: | Bog |
| Sprog: | Undetermined |
| Udgivet: |
Thành phố Hồ Chí Minh
Hồng Đức
2008
|
| Fag: | |
| Tags: |
Tilføj Tag
Ingen Tags, Vær først til at tagge denne postø!
|
| Thư viện lưu trữ: | Trung tâm Học liệu Trường Đại học Cần Thơ |
|---|
| LEADER | 00898nam a2200205Ia 4500 | ||
|---|---|---|---|
| 001 | CTU_150909 | ||
| 008 | 210402s9999 xx 000 0 und d | ||
| 020 | |c 45000 | ||
| 082 | |a 005.54 | ||
| 082 | |b Gi106 | ||
| 100 | |a Vũ, Đăng Giang | ||
| 245 | 0 | |a Từng bước tự học Microsoft Office Excel 2003 | |
| 245 | 0 | |c Vũ Đăng Giang, Phạm Diệu Huyền | |
| 260 | |a Thành phố Hồ Chí Minh | ||
| 260 | |b Hồng Đức | ||
| 260 | |c 2008 | ||
| 520 | |a Hướng dẫn những bước cơ bản cần thiết khi làm việc với Microsoft Office Excel 2003: cách nhập dữ liệu, làm việc với thanh công cụ, tạo file, tạo bảng, sử dụng các hàm... | ||
| 650 | |a Microsoft Excel (Computer file),Electronic spreadsheets | ||
| 904 | |i Giang | ||
| 980 | |a Trung tâm Học liệu Trường Đại học Cần Thơ | ||